000 00233nam a2200097Ia 4500
005 20251222114410.0
008 251222s1900||||xx |||||||||||||| ||spa||
082 _aDVD0010/B24O/2000
245 0 _aRomeo debe morir:Romeo must
942 _cDVD
999 _c2000
_d2000